000 00364nam a22001457a 4500
082 _a540
_bLEE/C
100 _aLEE,J D
245 _aCONCISE INORGANIC CHEMISTRY
246 _aCONCISE INORGANIC CHEMISTRY
_bCONCISE INORGANIC CHEMISTRY
260 _aFRANCE
_bBLACK WELL SCIENCE
300 _a1032
520 _aCHEMISTRY RELATED
650 _aCHEMISTRY
942 _cBK
999 _c8967
_d8967